| 000 | 00784nam a22002657a 4500 | ||
|---|---|---|---|
| 001 | 00260 | ||
| 003 | DO-SdBNP | ||
| 005 | 20180223125734.0 | ||
| 008 | 151204b 2005 sp a |||| 00| 0 spa d | ||
| 020 | _a8495722844 | ||
| 040 |
_aBPMSU _bspa _cBPMSU |
||
| 082 | 4 |
_axxx _bxxx |
|
| 100 | 1 | _aLlamero, Braulio | |
| 245 | 1 | 3 |
_aLa gallina secuestrada / _cBraulio Llamero ; dibujos de Valentí Gubianas. |
| 260 |
_aAlzira : _bAlgar, _c2005. |
||
| 300 |
_a77 p. : _bil. ; _c21 cm. |
||
| 490 | 1 |
_aCalcetín _v 9 |
|
| 500 | _aIncluye datos biográficos del autor en la solapa de la contracubierta | ||
| 700 | 1 | 2 |
_aGubianas, Valentí, _eil. |
| 830 | 0 |
_aCalcetín _n9 |
|
| 910 | _a00260 | ||
| 942 |
_2ddc _cBK |
||
| 945 | _aInventariado, 2018/ YL | ||
| 956 |
_aYLOCKWARD _b10 _cBPMSU |
||
| 999 |
_c9003 _d9003 |
||